Writers's Choice: Composition and Grammar (Record no. 5179)

MARC details
005 - DATE AND TIME OF LATEST TRANSACTION
control field 20250626060458.0
020 ## - INTERNATIONAL STANDARD BOOK NUMBER
International Standard Book Number 0-02-635221-4
082 ## - DEWEY DECIMAL CLASSIFICATION NUMBER
Classification number 621.382 STR
100 ## - MAIN ENTRY--PERSONAL NAME
Author name STRONG, W
245 ## - TITLE STATEMENT
Title Writers's Choice: Composition and Grammar
250 ## - EDITION STATEMENT
Edition statement 10th Ed.
260 ## - PUBLICATION, DISTRIBUTION, ETC.
Place of publication, distribution, etc. New York
Name of publisher, distributor, etc. McGraw-Hill Irwin
Date of publication, distribution, etc. 1993.
300 ## - PHYSICAL DESCRIPTION
Extent xxiv, 808p.; ill.; pictures, figures
Other physical details Index
Dimensions 23cm
700 ## - ADDED ENTRY--PERSONAL NAME
Other authors/Editors Mark Lester
700 ## - ADDED ENTRY--PERSONAL NAME
Other authors/Editors Ligature Inc
942 ## - ADDED ENTRY ELEMENTS (KOHA)
Source of classification or shelving scheme Dewey Decimal Classification
Koha item type Books
Holdings
Date last seen Total checkouts Full call number Barcode Price effective from Koha item type Lost status Source of classification or shelving scheme Damaged status Not for loan Withdrawn status Home library Current library Shelving location Date acquired Source of acquisition
06/26/2025   621.382 STR MZA0002162 06/26/2025 Books   Dewey Decimal Classification       CBE Mwanza CBE Mwanza General Collection 07/31/2024 Library Budget
06/26/2025   621.382 STR MZA0002163 06/26/2025 Books   Dewey Decimal Classification       CBE Mwanza CBE Mwanza General Collection 07/31/2024 Library Budget